• 首页
  • 本馆介绍
  • 公告通知
  • 最新文献
  • 馆藏检索
  • 电子资源
  • 读者导购
  • 参考咨询
  • 我的图书馆
  • 登录
  • 详细信息显示
  • 放入我的书架
  • 预约/预借图书
  • 作者相关作品
  • 分类相关作品
  • 丛书相关作品
  • 出版社相关作品

书目信息

  • 表格格式
  • 工作单格式
  • 卡片格式
题名:
高分子材料加工工艺学
    
 
作者: 李光 主编
分册:  
出版信息: 北京   中国纺织出版社  2000.7
页数: 442页
开本: 26cm
丛书名: 普通高等教育“十一五”部委级规划教材
单 册:
中图分类: TB324-43 , TQ316-43
科图分类:
主题词: 高分子材料--gao fen zi cai liao--生产工艺--高等学校--教材
电子资源:
ISBN: 978-7-5064-6041-5
000 01122nam 2200301 45
001 012001000003
005 20191107171625.07
010    @a978-7-5064-6041-5@dCNY49.00
099    @aCAL 012010036414
100    @a20100316d2010 em y0chiy0121 ea
101 0  @achi
102    @aCN@b110000
105    @aak a 000yy
106    @ar
200 1  @a高分子材料加工工艺学@Agao fen zi cai liao jia gong gong yi xue@f李光主编
205    @a第2版
210    @a北京@c中国纺织出版社@d2000.7
215    @a442页@c图@d26cm
225 2  @a普通高等教育“十一五”部委级规划教材@Apu tong gao deng jiao yu“shi yi wu”bu wei ji gui hua jiao cai@e本科
320    @a有书目
330    @a本书主要介绍了纤维、塑料和橡胶三大类重要高分子材料主要品种从原料到制品的完整成型工艺过程,并着重介绍了生产实践中制品的质量控制技术原理和方法。
410  0 @12001@@a普通高等教育“十一五”部委级规划教材@e本科
606 0  @a高分子材料@Agao fen zi cai liao@x生产工艺@x高等学校@j教材
690    @aTB324-43@v4
690    @aTQ316-43@v4
701  0 @a李光@Ali guang@4主编
801  0 @aCN@b北京卓展文化@c20191020
905    @b1195003-6@dTB324-43@e458=2@f4
    
    高分子材料加工工艺学/李光主编.-第2版.-北京:中国纺织出版社,2000.7
    442页:图;26cm.-(普通高等教育“十一五”部委级规划教材:本科)
    
    
    ISBN 978-7-5064-6041-5:CNY49.00
    本书主要介绍了纤维、塑料和橡胶三大类重要高分子材料主要品种从原料到制品的完整成型工艺过程,并着重介绍了生产实践中制品的质量控制技术原理和方法。
●
相关链接 在E读中查询图书 在五车中查询图书 在当当中查询图书 在豆瓣中查询图书


正题名:高分子材料加工工艺学     索取号:TB324-43/458=2         预约/预借

序号 登录号 条形码 馆藏地/架位号 状态 备注
1 1195003   211950030   第二样本阅览室/ [索取号:TB324-43/458=2] 在馆    
2 1195004   211950049   第三借阅区/ [索取号:TB324-43/458=2] 在馆    
3 1195005   211950058   第三借阅区/ [索取号:TB324-43/458=2] 在馆    
4 1195006   211950067   第三借阅区/ [索取号:TB324-43/458=2] 在馆    
唐山师范学院图书馆 欢迎您!
大连网信软件有限公司© 版权所有